Все районы Москвы - Statistics

General Stats
  • This quiz has been taken 141 times
  • The average score is 52 of 132
Answer Stats
Номер16 Округ Район % Correct
89 САО Сокол
76%
110 ЦАО Арбат
69%
7 ВАО Измайлово
68%
77 САО Аэропорт
66%
16 ВАО Сокольники
65%
117 ЦАО Тверской
65%
118 ЦАО Хамовники
65%
55 ЮЗАО Южное Бутово
62%
22 ЮВАО Марьино
60%
52 ЮЗАО Северное Бутово
59%
96 СВАО Бибирево
59%
103 СВАО Отрадное
59%
116 ЦАО Таганский
59%
12 ВАО Перово
57%
56 ЮЗАО Ясенево
57%
21 ЮВАО Люблино
56%
112 ЦАО Замоскворечье
56%
42 ЮАО Чертаново Северное
54%
44 ЮАО Чертаново Южное
54%
95 СВАО Бабушкинский
54%
5 ВАО Гольяново
53%
70 СЗАО Митино
53%
132 ТАО Троицк
53%
27 ЮВАО Текстильщики
51%
43 ЮАО Чертаново Центральное
50%
48 ЮЗАО Коньково
50%
73 СЗАО Строгино
50%
101 СВАО Марьина Роща
50%
20 ЮВАО Лефортово
49%
41 ЮАО Царицыно
49%
45 ЮЗАО Академический
49%
72 СЗАО Северное Тушино
49%
76 СЗАО Южное Тушино
49%
11 ВАО Новокосино
47%
32 ЮАО Даниловский
47%
47 ЮЗАО Зюзино
47%
53 ЮЗАО Теплый Стан
47%
59 ЗАО Кунцево
47%
64 ЗАО Раменки
47%
83 САО Дмитровский
47%
91 САО Ховрино
47%
18 ЮВАО Капотня
46%
65 ЗАО Солнцево
46%
75 СЗАО Щукино
46%
90 САО Тимирязевский
46%
94 СВАО Алтуфьевский
46%
105 СВАО Свиблово
46%
29 ЮАО Бирюлево Восточное
44%
39 ЮАО Орехово-Борисово Северное
44%
106 СВАО Северное Медведково
44%
9 ВАО Метрогородок
43%
10 ВАО Новогиреево
43%
23 ЮВАО Некрасовка
43%
30 ЮАО Бирюлево Западное
43%
38 ЮАО Нагорный
43%
40 ЮАО Орехово-Борисово Южное
43%
54 ЮЗАО Черемушки
43%
58 ЗАО Крылатское
43%
108 СВАО Южное Медведково
43%
119 ЦАО Якиманка
43%
25 ЮВАО Печатники
41%
19 ЮВАО Кузьминки
40%
34 ЮАО Зябликово
40%
67 ЗАО Филевский Парк
40%
93 СВАО Алексеевский
40%
98 СВАО Лианозово
40%
111 ЦАО Басманный
40%
114 ЦАО Мещанский
40%
17 ЮВАО Выхино-Жулебино
38%
24 ЮВАО Нижегородский
38%
33 ЮАО Донской
38%
74 СЗАО Хорошево-Мневники
38%
99 СВАО Лосиноостровский
38%
126 НАО Коммунарка
38%
125 НАО Внуково
37%
14 ВАО Северное Измайлово
35%
78 САО Беговой
35%
80 САО Войковский
35%
92 САО Хорошевский
35%
115 ЦАО Пресненский
35%
15 ВАО Соколиная Гора
34%
85 САО Коптево
34%
113 ЦАО Красносельский
34%
3 ВАО Восточное Измайлово
32%
46 ЮЗАО Гагаринский
32%
50 ЮЗАО Ломоносовский
32%
69 СЗАО Куркино
32%
82 САО Головинский
32%
88 САО Савеловский
32%
26 ЮВАО Рязанский
31%
37 ЮАО Нагатинский Затон
31%
57 ЗАО Дорогомилово
31%
61 ЗАО Новопеределкино
31%
62 ЗАО Очаково-Матвеевское
31%
71 СЗАО Покровское-Стрешнево
31%
102 СВАО Останкинский
31%
104 СВАО Ростокино
31%
107 СВАО Северный
31%
109 СВАО Ярославский
31%
120 ЗелАО Крюково
31%
2 ВАО Вешняки
29%
28 ЮВАО Южнопортовый
29%
35 ЮАО Москворечье-Сабурово
29%
79 САО Бескудниково
29%
86 САО Левобережный
29%
13 ВАО Преображенское
28%
66 ЗАО Тропарево-Никулино
28%
84 САО Западное Дегунино
28%
97 СВАО Бутырский
28%
1 ВАО Богородское
26%
4 ВАО Восточный
26%
6 ВАО Ивановское
26%
49 ЮЗАО Котловка
26%
68 ЗАО Фили-Давыдково
26%
81 САО Восточное Дегунино
26%
100 СВАО Марфино
26%
31 ЮАО Братеево
25%
36 ЮАО Нагатино-Садовники
25%
51 ЮЗАО Обручевский
24%
63 ЗАО Проспект Вернадского
24%
87 САО Молжаниновский
24%
8 ВАО Косино-Ухтомский
22%
60 ЗАО Можайский
22%
124 ЗелАО Старое Крюково
22%
121 ЗелАО Матушкино
21%
122 ЗелАО Савелки
21%
123 ЗелАО Силино
19%
128 НАО Щербинка
19%
130 ТАО Вороново
10%
131 ТАО Краснопахорский
10%
127 НАО Филимонковский
9%
129 ТАО Бекасово
9%
No matching quizzes found
Score Distribution
Percent of People with Each Score
Percentile by Number Answered
Your Score History
You have not taken this quiz